Score 0/7 Timer 02:00
8 Plays Today
League Team % Correct
NFLCleveland Browns
90.9%
NFLTampa Bay Buccaneers
59%
MLBSeattle Mariners
58%
MLBMiami Marlins
58%
MLBSan Diego Padres
57.8%
MLBChicago White Sox
56%
NBASacramento Kings
52.9%

You're not logged in!

Compare scores with friends on all Sporcle quizzes.
OR
Log In

Sporcle TV

Today on Sporcle TV


Watch our educational content, quiz creation guides, and fun videos on Sporcle TV.

Show Comments

Extras

Top Quizzes Today


Score Distribution

Paid Content

Your Account Isn't Verified!

In order to create a playlist on Sporcle, you need to verify the email address you used during registration. Go to your Sporcle Settings to finish the process.

Report this User

Report this user for behavior that violates our Community Guidelines.

Details: